Slovenskí podnikateľskí anjeli a Klub podnikateľských anjelov Slovenska (KPAS)
Problematika obchodných (podnikateľských) anjelov. Prehľad o slovenských podnikateľských anjeloch, ktorí sú verejne známi, ako aj o ich investíciách a taktiež o projektoch podporených anjelskou sieťou KPAS – Klub podnikateľských anjelov Slovenska.
Saved in:
| Main Author: | |
|---|---|
| Other Authors: | |
| Format: | Book Chapter |
| Language: | Slovak |
| Subjects: | |
| Tags: |
No Tags, Be the first to tag this record!
|
MARC
| LEADER | 00000nla a2200000 4500 | ||
|---|---|---|---|
| 001 | 0238258 | ||
| 005 | 20240502073845.0 | ||
| 041 | 0 | |a slo | |
| 044 | |a SK | ||
| 245 | 1 | 0 | |a Slovenskí podnikateľskí anjeli a Klub podnikateľských anjelov Slovenska (KPAS) |c Magdaléna Freňáková, Veronika Šoltisová |
| 520 | |a Problematika obchodných (podnikateľských) anjelov. Prehľad o slovenských podnikateľských anjeloch, ktorí sú verejne známi, ako aj o ich investíciách a taktiež o projektoch podporených anjelskou sieťou KPAS – Klub podnikateľských anjelov Slovenska. | ||
| 610 | 2 | 0 | |a Slovensko |
| 610 | 2 | 0 | |a prostredie podnikateľské |
| 610 | 2 | 0 | |a obchodní anjeli |
| 610 | 2 | 0 | |a kapitál rizikový |
| 610 | 2 | 0 | |a start-up |
| 610 | 2 | 0 | |a projekty investičné |
| 100 | 1 | |a Freňáková, Magdaléna, 1981- | |
| 700 | 1 | |a Šoltisová, Veronika | |